| 000 | 00570nam a2200205Ia 4500 | ||
|---|---|---|---|
| 003 | OSt | ||
| 005 | 20200907131249.0 | ||
| 008 | 190216s9999||||xx |||||||||||||| ||und|| | ||
| 020 | _a9971512505 | ||
| 020 | _a9788126510948 | ||
| 040 | _coclc | ||
| 082 |
_a537.6 _bJAC/C |
||
| 100 |
_aJackson, John David _94470 |
||
| 245 | 0 |
_aClassical Electrodynamics / _cJohn David Jackson |
|
| 250 | _a3rd Ed. | ||
| 260 |
_bJohn Wiley And Sons, _c1998. _aNew York: |
||
| 300 | _a808p | ||
| 650 | _aPhysics | ||
| 942 |
_cBK _2ddc _h537.6 _iJAC/C _k537.6 _mJAC/C |
||
| 999 |
_c33554 _d33554 |
||